Tìm hiểu nghĩa của hình vị mang thanh hỏi trong ngày xửa ngày xưa, đêm nảo đêm nào, tận đẩu tận đâu? trong tiếng Việt /
Đã lưu trong:
| Tác giả chính: | |
|---|---|
| Tác giả khác: | |
| Định dạng: | Bài viết |
| Ngôn ngữ: | Vietnamese |
| Những chủ đề: | |
| Các nhãn: |
Thêm thẻ
Không có thẻ, Là người đầu tiên thẻ bản ghi này!
|
| Thư viện lưu trữ: | Thư viện Trường Đại học Đà Lạt |
|---|
| LEADER | 00891nam a2200277 4500 | ||
|---|---|---|---|
| 001 | DLU090075478 | ||
| 005 | ##20090601 | ||
| 040 | # | # | |a DLU |b vie |
| 041 | # | # | |a vie |
| 044 | # | # | |a vn |
| 100 | # | # | |a Trần Thị Ngân Giang. |
| 245 | # | # | |a Tìm hiểu nghĩa của hình vị mang thanh hỏi trong ngày xửa ngày xưa, đêm nảo đêm nào, tận đẩu tận đâu? trong tiếng Việt / |c Trần Thị Ngân Giang, Anh Đào. |
| 653 | # | # | |a Hình thái học |
| 653 | # | # | |a Hình vị |
| 653 | # | # | |a Từ láy |
| 700 | # | # | |a Anh Đào. |
| 773 | # | # | |t Tạp chí ngôn ngữ |g Số 2, 2000, tr. 26-28 |
| 920 | # | # | |a Phòng Tạp chí -- Trung tâm Thông tin - Thư viện Trường Đại học Đà Lạt |
| 994 | # | # | |a DLU |
| 900 | # | # | |a True |
| 911 | # | # | |a Nguyễn Thị Linh Chi |
| 925 | # | # | |a G |
| 926 | # | # | |a A |
| 927 | # | # | |a BB |
| 980 | # | # | |a Thư viện Trường Đại học Đà Lạt |